| 000 | 006000000a22001810004500 | ||
|---|---|---|---|
| 003 | MACL | ||
| 005 | 20160525125025.0 | ||
| 008 | 160525b xxu||||| |||| 00| 0 eng d | ||
| 040 |
_aMACL _cMACL |
||
| 041 | _aHindi | ||
| 082 | _a891.432 VES | ||
| 100 |
_aवेस्कर, आर्नोल्ट _959382 |
||
| 245 |
_aमौसम-दर-मौसम _cआर्नोल्ड वेस्कर |
||
| 260 |
_bसूर्य प्रकाशन मन्दिर _c2008 _aबीकानेर |
||
| 350 | _a100 | ||
| 650 |
_aDrama _959383 |
||
| 942 |
_cHIN _k891.432/VES _2ddc |
||
| 999 |
_c41036 _d41036 |
||